000 00757nam a22001577a 4500
003 OSt
005 20151217151527.0
008 151217b xxu||||| |||| 00| 0 eng d
040 _cRUA
082 _aAED UN 2006 B221 Or.1
100 _95043
_aUN SOPHEA; អ៊ុន សុភា
245 _aThe study on banna chain in cambodia with the emphasis on major markets phhnom penh, សិក្សាអំពីការធ្វើចរាចរផលិតផលចេកនៅកម្ពុជា ដោយធ្វើការផ្ដោតជាសំខាន់ទៅលើទីផ្សារធំៗនៅរាជធានីភ្នំពេញ.
260 _aPhnom Penh
_bRUA
_c2006
300 _axii; 56p.
_bill.
_c29cm.
942 _2ddc
_cAED
999 _c4691
_d4691